01213nam a2200241 a 450000100100000000500170001000800410002702000150006804000250008308200150010810000350012324502280015826000720038630000280045849000630048650000700054950000730061950400320069270000470072483000700077195201130084199900170095400004193220201002035835.0131023s2005 sp a 000 0 spa d a8400083563 aDO-SdBNPbspacBNPHU axxxbA659z1 aAragon, Santiagod1965-96883713aEl Zoológico del Museo de Ciencias Naturales de Madrid :bMariano de la Paz Graells (1809-1898), la sociedad de aclimatación y los animales útiles /cSantiago Aragón Albillos ; editora Ma. Ángeles Ramos Sánchez. aMadrid :bConsejo Superior de Investigaciones Científicas,c2005. a235 p. :bil. ;c24 cm.1 aMonografías del Museo Nacional de Ciencias Naturalesv21 aIncluye datos biográficos del autor en la solapa de la cubierta aIncluye referencias bibliográficas y notas al pie de las páginas aBibliografía : p. 203-21412aRamos Sánchez, Ma. Ángeleseed.968838 0aMonografías del Museo Nacional de Ciencias Naturalesn21968839 001050718MOaGRbGRcCTd2013-10-23iLF1l0oxxx A659zp41932-10r2020-06-25w2020-06-25y1ZNo se presta c41421d41421